00948nam a22003017a 45000010005000000030006000050050017000110080041000280200018000690400029000870820008001161000021001242450041001452600038001863000060002244900015002845050008002995210020003075210020003276500026003476500025003737000028003987000033004267000043004599420015005029990015005179520114005329316FISKH20251210103321.0251210b cb ||||| |||| 00| 0 eng d a9780439844796 aFISKHbengcFISKHdFISKH a590 aDavidson, Avelyn aWeird mammals / cBy Avelyn Davidson aNew York , bScholastic ,c2006 . a 24 pages : bcolor illustrations, maps ; c15 x 19 cm. aBrain Bank aU 8 a820 bLexile 8 aU bRaz-Plus  aMammals vNon-fiction aSciencevNon-fiction aChan, Frances eEditor  aSmith , Meredith eDesigner  aMatthewson , Sarah ePhoto Researcher  2ddccBKn0 c9316d9316 00102ddc40708NFICa002b002cSNSd2025-12-10l0oDAV 590 p2025-5102r2025-12-10 10:33:17w2025-12-10yBK